[Event "ITA-chT (Women) 51st"]
[Site "Brixen Bressanone"]
[Date "2019.04.28"]
[Round "1.2"]
[White "Brunello, Marina"]
[Black "Miracola, Giorgia"]
[Result "1-0"]
[WhiteElo "2356"]
[BlackElo "1937"]
[PlyCount "75"]
[EventDate "2019.04.28"]
[EventType "team-tourn"]
[EventRounds "7"]
[EventCountry "ITA"]
[SourceTitle "CBM 190 Extra"]
[Source "ChessBase"]
[SourceDate "2019.07.15"]
[SourceVersion "1"]
[SourceVersionDate "2019.07.15"]
[SourceQuality "1"]
[WhiteTeam "Pentole Agnelli (W)"]
[BlackTeam "Milan Mimosa (W)"]
[WhiteTeamCountry "ITA"]
[BlackTeamCountry "ITA"]

1. e4 c5 2. Nf3 Nc6 3. d4 cxd4 4. Nxd4 Nf6 5. Nc3 e5 6. Ndb5 d6 7. Bg5 a6 8. Na3 b5 9. Nd5 Be7 10. Bxf6 Bxf6 11. c4 b4 12. Nc2 a5 13. Be2 Bg5 14. 0-0 0-0 15. Qd3 Rb8 16. b3 Be6 17. Rad1 Qd7 18. Bf3 Rbd8 19. Qe2 Qa7 20. Rd3 g6 21. Rfd1 Kh8 22. Nde3 Qc7 23. Qd2 Be7 24. Nd5 Bxd5 25. Rxd5 f5 26. Rb5 Na7 27. Rd5 Nc8 28. a3 Nb6 29. Rb5 a4 30. Nxb4 axb3 31. Nd5 Nxd5 32. Qxd5 Rb8 33. Rb1 Rfc8 34. Bd1 Rxb5 35. cxb5 Qa5 36. Bxb3 Bh4 37. g3 Qd8 38. gxh4 1-0

[Event "Arvier Spring op"]
[Site "Arvier"]
[Date "2018.04.24"]
[Round "6"]
[White "Ciuffoletti, Paolo"]
[Black "Miracola, Giorgia"]
[Result "1-0"]
[WhiteElo "2123"]
[BlackElo "1944"]
[PlyCount "89"]
[EventDate "2018.04.21"]
[EventType "swiss"]
[EventRounds "7"]
[EventCountry "ITA"]
[SourceTitle "CBM 184 Extra"]
[Source "ChessBase"]
[SourceDate "2018.06.28"]
[SourceVersion "1"]
[SourceVersionDate "2018.06.28"]
[SourceQuality "1"]

1. e4 c5 2. d4 cxd4 3. c3 Nf6 4. e5 Nd5 5. Qxd4 e6 6. Bc4 Nc6 7. Qe4 Nb6 8. Bb3 d6 9. exd6 Bxd6 10. Nf3 Nd7 11. 0-0 Nf6 12. Qh4 0-0 13. Bc2 Ne7 14. Bg5 Ng6 15. Bxg6 fxg6 16. Nbd2 Qc7 17. Rad1 Nd5 18. c4 Ne7 19. Ne4 Nf5 20. Qg4 e5 21. Nxd6 Nxd6 22. Qg3 Ne4 23. Qh4 Nxg5 24. Qxg5 Bf5 25. b3 Rae8 26. Rfe1 e4 27. Nd4 h6 28. Qe3 a6 29. h3 h5 30. Ne2 Qf7 31. Nc3 Bd7 32. Nxe4 Bc6 33. f3 Re5 34. Qd2 Rfe8 35. Nd6 Qd7 36. Rxe5 Rxe5 37. Qd4 Re2 38. Rd2 Re1+ 39. Kf2 Qe7 40. Ne4 Rxe4 41. fxe4 Qh4+ 42. Kg1 Qe1+ 43. Kh2 Bxe4 44. Rd1 Qe2 45. Qd2 1-0

[Event "Arvier Spring op"]
[Site "Arvier"]
[Date "2018.04.21"]
[Round "1"]
[White "Miracola, Giorgia"]
[Black "Gromovs, Sergejs"]
[Result "0-1"]
[WhiteElo "1944"]
[BlackElo "2258"]
[PlyCount "56"]
[EventDate "2018.04.21"]
[EventType "swiss"]
[EventRounds "7"]
[EventCountry "ITA"]
[SourceTitle "CBM 184 Extra"]
[Source "ChessBase"]
[SourceDate "2018.06.28"]
[SourceVersion "1"]
[SourceVersionDate "2018.06.28"]
[SourceQuality "1"]

1. e4 c5 2. Nf3 d6 3. d4 cxd4 4. Nxd4 Nf6 5. Nc3 a6 6. Bg5 e6 7. f4 Qb6 8. Nb3 Nbd7 9. Qf3 Be7 10. 0-0-0 Qc7 11. Bd3 b5 12. a3 Bb7 13. Kb1 Nc5 14. Qe2 Na4 15. Nxa4 bxa4 16. Nd4 Qb6 17. Ka1 Rb8 18. c3 Bxe4 19. Bxa6 0-0 20. Bd3 d5 21. Bxe4 dxe4 22. Bxf6 gxf6 23. Rd2 Rfc8 24. Qe3 Z0 25. g4 Bc5 26. Qxe4 Bxa3 27. Qc2 Bc5 28. Nf3 a3 0-1

[Event "Backi Petrovac Cani Memorial"]
[Site "Backi Petrovac"]
[Date "2017.03.22"]
[Round "4"]
[White "Michalicka, Milan"]
[Black "Miracola, Giorgia"]
[Result "1-0"]
[WhiteElo "2245"]
[BlackElo "1850"]
[PlyCount "71"]
[EventDate "2017.03.20"]
[EventType "swiss"]
[EventRounds "9"]
[EventCountry "SRB"]
[SourceTitle "CBM 177 Extra"]
[Source "ChessBase"]
[SourceDate "2017.04.27"]
[SourceVersion "1"]
[SourceVersionDate "2017.04.27"]
[SourceQuality "1"]

1. d4 Nf6 2. c4 g6 3. Nf3 Bg7 4. Nc3 d5 5. cxd5 Nxd5 6. e4 Nxc3 7. bxc3 0-0 8. Be3 c5 9. Qd2 cxd4 10. cxd4 Nc6 11. Rb1 Bg4 12. d5 Bxf3 13. gxf3 Ne5 14. Be2 Rc8 15. 0-0 Qd7 16. Bxa7 Qh3 17. Rb3 Nc4 18. Bxc4 Rxc4 19. Qg5 Bh6 20. Qg3 Qh5 21. Rxb7 f5 22. Rxe7 fxe4 23. Qg4 Qxd5 24. fxe4 Qd6 25. Qd7 Qxd7 26. Rxd7 Rxe4 27. Rb1 Rh4 28. Kg2 Bg5 29. Rbb7 Bf6 30. h3 h5 31. Bc5 Rc8 32. Ra7 Rc4 33. Be3 R4c6 34. a4 Kf8 35. Rf7+ Ke8 36. Bh6 1-0

[Event "Novi Sad CC Dame"]
[Site "Novi Sad"]
[Date "2017.03.17"]
[Round "7"]
[White "Damia, Angelo"]
[Black "Miracola, Giorgia"]
[Result "1-0"]
[WhiteElo "2329"]
[BlackElo "1850"]
[PlyCount "67"]
[EventDate "2017.03.13"]
[EventType "swiss"]
[EventRounds "9"]
[EventCountry "SRB"]
[SourceTitle "CBM 177 Extra"]
[Source "ChessBase"]
[SourceDate "2017.04.27"]
[SourceVersion "1"]
[SourceVersionDate "2017.04.27"]
[SourceQuality "1"]

1. e4 Nf6 2. Nc3 d5 3. e5 d4 4. exf6 dxc3 5. fxg7 cxd2+ 6. Qxd2 Qxd2+ 7. Bxd2 Bxg7 8. 0-0-0 Nc6 9. Bc4 Bd7 10. Ne2 e6 11. Ng3 0-0-0 12. Bg5 f6 13. Nh5 fxg5 14. Nxg7 e5 15. h4 gxh4 16. Rxh4 Ne7 17. Rdh1 Ng6 18. Rxh7 Rhf8 19. f3 b5 20. Bb3 Nf4 21. R7h2 a5 22. a3 c6 23. Nh5 Nxh5 24. Rxh5 Rde8 25. Re1 Rf5 26. Rxf5 Bxf5 27. g4 Bg6 28. Rh1 e4 29. f4 e3 30. f5 e2 31. fxg6 e1Q+ 32. Rxe1 Rxe1+ 33. Kd2 Re7 34. Bf7 1-0

[Event "Novi Sad CC Dame"]
[Site "Novi Sad"]
[Date "2017.03.16"]
[Round "5"]
[White "Miracola, Giorgia"]
[Black "Obodchuk, Andrei"]
[Result "0-1"]
[WhiteElo "1850"]
[BlackElo "2377"]
[PlyCount "46"]
[EventDate "2017.03.13"]
[EventType "swiss"]
[EventRounds "9"]
[EventCountry "SRB"]
[SourceTitle "CBM 177 Extra"]
[Source "ChessBase"]
[SourceDate "2017.04.27"]
[SourceVersion "1"]
[SourceVersionDate "2017.04.27"]
[SourceQuality "1"]

1. e4 c6 2. d4 d5 3. e5 Bf5 4. Nf3 e6 5. Be3 Nd7 6. Nbd2 Ne7 7. Nb3 Nc8 8. Be2 Be7 9. 0-0 0-0 10. a4 f6 11. exf6 Bxf6 12. c4 Nd6 13. Nbd2 dxc4 14. Nxc4 Nxc4 15. Bxc4 Nb6 16. Be2 Nd5 17. Qd2 Be4 18. Bg5 Bxg5 19. Qxg5 Nf4 20. Bd1 Qxg5 21. Nxg5 Bxg2 22. Nxe6 Bxf1 23. Nxf8 Bh3 0-1

[Event "Novi Sad CC Dame"]
[Site "Novi Sad"]
[Date "2017.03.15"]
[Round "4"]
[White "Vuelban, Virgilio"]
[Black "Miracola, Giorgia"]
[Result "1-0"]
[WhiteElo "2289"]
[BlackElo "1850"]
[PlyCount "51"]
[EventDate "2017.03.13"]
[EventType "swiss"]
[EventRounds "9"]
[EventCountry "SRB"]
[SourceTitle "CBM 177 Extra"]
[Source "ChessBase"]
[SourceDate "2017.04.27"]
[SourceVersion "1"]
[SourceVersionDate "2017.04.27"]
[SourceQuality "1"]

1. e4 Nf6 2. Qe2 d6 3. d4 e5 4. Nf3 Nbd7 5. Nc3 Be7 6. g4 h6 7. Rg1 c6 8. h4 Qb6 9. g5 hxg5 10. hxg5 Nh5 11. dxe5 Nxe5 12. Nxe5 dxe5 13. g6 fxg6 14. Rxg6 Bf6 15. Qc4 Nf4 16. Bxf4 exf4 17. 0-0-0 Qxf2 18. Kb1 Kf8 19. Bd3 Rh5 20. e5 Rxe5 21. Ne4 Qf3 22. Rxf6+ gxf6 23. Rg1 Be6 24. Qb4+ Ke8 25. Nxf6+ Kf7 26. Qxb7+ 1-0

[Event "Novi Sad Sretenjski Ustav op"]
[Site "Novi Sad"]
[Date "2017.03.10"]
[Round "7"]
[White "Vuelban, Virgilio"]
[Black "Miracola, Giorgia"]
[Result "1/2-1/2"]
[WhiteElo "2289"]
[BlackElo "1850"]
[PlyCount "54"]
[EventDate "2017.03.05"]
[EventType "swiss"]
[EventRounds "9"]
[EventCountry "SRB"]
[SourceTitle "CBM 177 Extra"]
[Source "ChessBase"]
[SourceDate "2017.04.27"]
[SourceVersion "1"]
[SourceVersionDate "2017.04.27"]
[SourceQuality "1"]

1. e4 g6 2. d4 Bg7 3. c4 Nc6 4. Nf3 e5 5. dxe5 Nxe5 6. Nxe5 Bxe5 7. Nc3 d6 8. Be2 Ne7 9. Bh6 Be6 10. Qd2 Qd7 11. 0-0 0-0-0 12. f4 Bf6 13. h3 Qc6 14. Bg5 Bxg5 15. fxg5 Qc5+ 16. Kh1 Qe5 17. Bg4 Bxg4 18. hxg4 h6 19. Qe3 hxg5+ 20. Kg1 Qh2+ 21. Kf2 Qf4+ 22. Qxf4 gxf4 23. Nd5 Nxd5 24. cxd5 Rh4 25. Kf3 g5 26. Rac1 Rdh8 27. b4 Kd7 1/2-1/2

[Event "Novi Sad Sretenjski Ustav op"]
[Site "Novi Sad"]
[Date "2017.03.09"]
[Round "6"]
[White "Miracola, Giorgia"]
[Black "Kostic, Filip"]
[Result "0-1"]
[WhiteElo "1850"]
[BlackElo "2168"]
[PlyCount "56"]
[EventDate "2017.03.05"]
[EventType "swiss"]
[EventRounds "9"]
[EventCountry "SRB"]
[SourceTitle "CBM 177 Extra"]
[Source "ChessBase"]
[SourceDate "2017.04.27"]
[SourceVersion "1"]
[SourceVersionDate "2017.04.27"]
[SourceQuality "1"]

1. e4 d5 2. exd5 Nf6 3. Bb5+ Bd7 4. Bxd7+ Qxd7 5. Nf3 Nxd5 6. d4 Nc6 7. 0-0 0-0-0 8. c3 h6 9. Nbd2 g5 10. Nc4 Bg7 11. Re1 Nb6 12. Qe2 Nxc4 13. Qxc4 g4 14. Ne5 Bxe5 15. dxe5 Qf5 16. Bf4 e6 17. b4 Rd5 18. b5 Nxe5 19. Qa4 Nd3 20. Qxa7 Qxf4 21. Rf1 Rhd8 22. Qa8+ Kd7 23. Qxb7 Ke7 24. a4 Nc5 25. Qa7 Nb3 26. Rab1 Nd2 27. b6 Nxf1 28. g3 Ne3 0-1

[Event "Novi Sad Sretenjski Ustav op"]
[Site "Novi Sad"]
[Date "2017.03.06"]
[Round "2"]
[White "Marholev, Dimitar"]
[Black "Miracola, Giorgia"]
[Result "1-0"]
[WhiteElo "2199"]
[BlackElo "1850"]
[PlyCount "63"]
[EventDate "2017.03.05"]
[EventType "swiss"]
[EventRounds "9"]
[EventCountry "SRB"]
[SourceTitle "CBM 177 Extra"]
[Source "ChessBase"]
[SourceDate "2017.04.27"]
[SourceVersion "1"]
[SourceVersionDate "2017.04.27"]
[SourceQuality "1"]

1. Nf3 Nf6 2. c4 g6 3. Nc3 d5 4. cxd5 Nxd5 5. Qa4+ Nc6 6. Ne5 Nxc3 7. dxc3 Bg7 8. Nxc6 bxc6 9. e4 0-0 10. Be2 Bd7 11. 0-0 c5 12. Qc4 Bc6 13. f3 Qd6 14. Rd1 Qe5 15. Qa6 Qf6 16. Be3 Rfb8 17. Qa3 Rb7 18. Bxc5 Rab8 19. Rab1 Qg5 20. b4 Be5 21. Bf2 h5 22. c4 h4 23. Be3 Bxh2+ 24. Kxh2 Qg3+ 25. Kg1 h3 26. Bf1 hxg2 27. Bxg2 Kg7 28. Qc3+ f6 29. b5 g5 30. Bf2 Qf4 31. Qe3 Qe5 32. Qc5 1-0

[Event "Lisbon Portugal op"]
[Site "Lisbon"]
[Date "2017.02.09"]
[Round "8"]
[White "Miracola, Giorgia"]
[Black "Borensztajn, David"]
[Result "1-0"]
[WhiteElo "1858"]
[BlackElo "2113"]
[PlyCount "55"]
[EventDate "2017.02.04"]
[EventType "swiss"]
[EventRounds "9"]
[EventCountry "POR"]
[SourceTitle "CBM 176 Extra"]
[Source "ChessBase"]
[SourceDate "2017.03.02"]
[SourceVersion "1"]
[SourceVersionDate "2017.03.02"]
[SourceQuality "1"]

1. e4 c5 2. Nf3 Nc6 3. d4 cxd4 4. Nxd4 g6 5. c4 Bg7 6. Be3 d6 7. Nc3 Nf6 8. Be2 0-0 9. 0-0 Nxd4 10. Bxd4 e5 11. Be3 a6 12. f3 Be6 13. Rc1 Rc8 14. b3 Qa5 15. Na4 Rc6 16. Qd3 Nd7 17. Bd2 Qc7 18. Rfd1 f5 19. b4 Rd8 20. Be3 f4 21. Bf2 b5 22. Nb2 Rc8 23. a4 Bxc4 24. Nxc4 Rxc4 25. Qd5+ Kh8 26. Bxc4 bxc4 27. Qxd6 Qxd6 28. Rxd6 1-0

[Event "Lisbon Portugal op"]
[Site "Lisbon"]
[Date "2017.02.08"]
[Round "7"]
[White "Anguera Maestro, Jaime"]
[Black "Miracola, Giorgia"]
[Result "1/2-1/2"]
[WhiteElo "2106"]
[BlackElo "1858"]
[PlyCount "108"]
[EventDate "2017.02.04"]
[EventType "swiss"]
[EventRounds "9"]
[EventCountry "POR"]
[SourceTitle "CBM 176 Extra"]
[Source "ChessBase"]
[SourceDate "2017.03.02"]
[SourceVersion "1"]
[SourceVersionDate "2017.03.02"]
[SourceQuality "1"]

1. d4 g6 2. c4 Bg7 3. Nc3 c5 4. e3 Nf6 5. Nf3 0-0 6. Be2 cxd4 7. exd4 d5 8. cxd5 Nxd5 9. 0-0 Nc6 10. h3 h6 11. Be3 Be6 12. Qd2 Kh7 13. Rfd1 Na5 14. Rac1 Nxe3 15. fxe3 Nc4 16. Bxc4 Bxc4 17. b3 Be6 18. e4 Qa5 19. Na4 Qh5 20. Qe2 b6 21. Rc7 Rfc8 22. Rdc1 g5 23. d5 Bd7 24. e5 g4 25. e6 Rxc7 26. Rxc7 Bxa4 27. hxg4 Qxd5 28. bxa4 Qxe6 29. Qxe6 fxe6 30. Rxe7 Rc8 31. Rxa7 Rc2 32. a5 b5 33. Rb7 Rxa2 34. Rxb5 Bc3 35. Rb6 e5 36. Rc6 Bd4+ 37. Nxd4 exd4 38. Rd6 Rxa5 39. Rxd4 Kg6 40. Kh2 h5 41. gxh5+ Kxh5 42. Kg3 Kg5 43. Rg4+ Kf6 44. Kh4 Rb5 45. Ra4 Rb6 46. Kh5 Kg7 47. Ra7+ Kg8 48. g4 Rc6 49. g5 Rb6 50. Rc7 Ra6 51. Rc5 Kg7 52. Rd5 Rb6 53. Rd7+ Kg8 54. g6 Rb1 1/2-1/2

[Event "Lisbon Portugal op"]
[Site "Lisbon"]
[Date "2017.02.04"]
[Round "2"]
[White "Miracola, Giorgia"]
[Black "McDonald, Margaret"]
[Result "1-0"]
[WhiteElo "1858"]
[BlackElo "1289"]
[PlyCount "57"]
[EventDate "2017.02.04"]
[EventType "swiss"]
[EventRounds "9"]
[EventCountry "POR"]
[SourceTitle "CBM 176 Extra"]
[Source "ChessBase"]
[SourceDate "2017.03.02"]
[SourceVersion "1"]
[SourceVersionDate "2017.03.02"]
[SourceQuality "1"]

1. e4 e5 2. Nf3 Nf6 3. Nxe5 d6 4. Nf3 Nxe4 5. Nc3 Nxc3 6. dxc3 Be7 7. Bd3 0-0 8. Be3 Nd7 9. Qd2 Nf6 10. h3 Bd7 11. 0-0-0 c5 12. Kb1 b5 13. Nh4 g6 14. Bh6 Re8 15. Nf3 a5 16. Ng5 c4 17. Be2 Bc6 18. h4 d5 19. h5 Ne4 20. Nxe4 dxe4 21. Qe3 Qc7 22. hxg6 fxg6 23. Bf4 Qb7 24. Qh3 Bf6 25. Rd6 Rf8 26. Rxc6 Ra6 27. Rc7 Rf7 28. Rxb7 Rxb7 29. Qc8+ 1-0

[Event "Gibraltar Masters 15th"]
[Site "Caleta"]
[Date "2017.01.24"]
[Round "1"]
[White "Miracola, Giorgia"]
[Black "Milliet, Sophie"]
[Result "0-1"]
[WhiteElo "1924"]
[BlackElo "2387"]
[PlyCount "70"]
[EventDate "2017.01.24"]
[EventType "swiss"]
[EventRounds "10"]
[EventCountry "GGB"]
[SourceTitle "CBM 177"]
[Source "ChessBase"]
[SourceDate "2017.03.16"]
[SourceVersion "1"]
[SourceVersionDate "2017.03.16"]
[SourceQuality "1"]

1. e4 c5 2. Nf3 e6 3. d4 cxd4 4. Nxd4 Nc6 5. Nc3 Qc7 6. Be3 a6 7. Bd3 Nf6 8. 0-0 b5 9. Nxc6 Qxc6 10. f3 b4 11. Ne2 Bc5 12. Bxc5 Qxc5+ 13. Kh1 e5 14. Ng3 d6 15. Qe2 h5 16. Qf2 Qc7 17. Rac1 h4 18. Ne2 Be6 19. c4 Nd7 20. Qe3 Nc5 21. Bb1 Bd7 22. Rfd1 a5 23. Qd2 Qb6 24. Qg5 Kf8 25. Rc2 Re8 26. Rcd2 Re6 27. h3 Rg6 28. Qe3 Rh5 29. f4 Bc6 30. f5 Rf6 31. Ng1 g6 32. Qe2 Rg5 33. Nf3 Rg3 34. Nxh4 gxf5 35. exf5 Rxh3+ 0-1

[Event "Vojvodina-chT"]
[Site "Kac"]
[Date "2016.11.16"]
[Round "2.5"]
[White "Krejic, Igor"]
[Black "Miracola, Giorgia"]
[Result "1-0"]
[WhiteElo "2235"]
[BlackElo "1894"]
[PlyCount "87"]
[EventDate "2016.11.15"]
[EventType "team-tourn"]
[EventRounds "11"]
[EventCountry "SRB"]
[SourceTitle "CBM 175 Extra"]
[Source "ChessBase"]
[SourceDate "2016.12.12"]
[SourceVersion "1"]
[SourceVersionDate "2016.12.12"]
[SourceQuality "1"]
[WhiteTeam "Vojvodina"]
[BlackTeam "Bora Ivkov"]
[WhiteTeamCountry "SRB"]
[BlackTeamCountry "SRB"]

1. e4 c5 2. c3 Nf6 3. e5 Nd5 4. g3 Nc6 5. Bg2 Nb6 6. d4 cxd4 7. cxd4 d6 8. exd6 Qxd6 9. Ne2 g6 10. Nbc3 Bg7 11. d5 Na5 12. 0-0 0-0 13. Bf4 Qd8 14. Nb5 Bd7 15. Bc7 Qc8 16. Rc1 Bxb5 17. Bxb6 Qg4 18. Nd4 Qxd1 19. Rfxd1 axb6 20. Nxb5 Bxb2 21. Rc7 Rfe8 22. d6 exd6 23. Bd5 Rf8 24. Re1 Nc6 25. Rxb7 Nb4 26. Bb3 d5 27. Rb1 Bg7 28. a3 Nd3 29. Bxd5 Rab8 30. Bxf7+ Kh8 31. Rxb8 Rxb8 32. Rd1 Ne5 33. Bb3 Rf8 34. f4 Nc6 35. Rd6 Na5 36. Bd5 Rb8 37. Rd7 Bf8 38. Kg2 Bc5 39. a4 Re8 40. Nc7 Re2+ 41. Kh3 h5 42. Ne6 Bg1 43. Kh4 Rxh2+ 44. Kg5 1-0

[Event "Novi Sad Serbian op"]
[Site "Novi Sad"]
[Date "2016.11.06"]
[Round "1"]
[White "Mamedjarova, Turkan"]
[Black "Miracola, Giorgia"]
[Result "1-0"]
[WhiteElo "2274"]
[BlackElo "1894"]
[PlyCount "109"]
[EventDate "2016.11.06"]
[EventType "swiss"]
[EventRounds "9"]
[EventCountry "SRB"]
[SourceTitle "CBM 175 Extra"]
[Source "ChessBase"]
[SourceDate "2016.12.12"]
[SourceVersion "1"]
[SourceVersionDate "2016.12.12"]
[SourceQuality "1"]

1. e4 c5 2. c3 Nf6 3. e5 Nd5 4. d4 cxd4 5. Qxd4 e6 6. Bc4 Nc6 7. Qe4 Qc7 8. Nf3 d6 9. exd6 Qxd6 10. 0-0 Be7 11. Na3 a6 12. Bd3 Nf6 13. Qe2 0-0 14. g3 b5 15. Rd1 Qc7 16. Bf4 Qb6 17. Ng5 e5 18. Be3 Qc7 19. c4 b4 20. Nc2 h6 21. Ne4 Nxe4 22. Bxe4 f5 23. Bd5+ Kh8 24. f4 e4 25. Qf2 Rb8 26. Rd2 Bf6 27. Rb1 b3 28. axb3 Rxb3 29. c5 Rd3 30. Bc4 Rxd2 31. Qxd2 Rd8 32. Qf2 Na5 33. Ba2 Qc6 34. b4 Qa4 35. Bf7 Nc6 36. Bc4 a5 37. Bb3 Qb5 38. bxa5 Nxa5 39. Ba2 Qa4 40. Nb4 Bb7 41. Be6 Bc3 42. Nc2 Ba6 43. Ne1 Bc4 44. Bxf5 Bd3 45. Rc1 Qb4 46. Rd1 Qb3 47. Qc2 Qxc2 48. Nxc2 Rf8 49. Be6 Re8 50. f5 Bxc2 51. Rc1 Rd8 52. Rxc2 Rd3 53. Kf2 Nc6 54. Ra2 Ba5 55. Bc4 1-0

[Event "Milan SSM Septembre"]
[Site "Milan"]
[Date "2015.09.12"]
[Round "3"]
[White "Vezzosi, Paolo"]
[Black "Miracola, Giorgia"]
[Result "1-0"]
[WhiteElo "2353"]
[BlackElo "1867"]
[PlyCount "39"]
[EventDate "2015.09.10"]
[EventType "swiss"]
[EventRounds "5"]
[EventCountry "ITA"]
[SourceTitle "EXT 2024"]
[Source "ChessBase"]
[SourceDate "2023.10.10"]
[SourceVersion "1"]
[SourceVersionDate "2023.10.10"]
[SourceQuality "1"]

1. d4 Nf6 2. g3 g6 3. Bg2 d5 4. c4 Bg7 5. cxd5 Nxd5 6. e4 Nb6 7. Ne2 Nc6 8. d5 Na5 9. Nbc3 0-0 10. 0-0 c6 11. Nf4 Nac4 12. Qe2 Qc7 13. Rd1 Rd8 14. Rb1 a5 15. b3 Ne5 16. h3 a4 17. Be3 axb3 18. axb3 Bd7 19. Rdc1 Ra6 20. dxc6 1-0